| 000 | 00739nam a2200253 a 4500 | ||
|---|---|---|---|
| 008 | |||
| 020 | _a0631177493 (pbk.) | ||
| 049 | _aMAIN | ||
| 090 | _aHG3851 | ||
| 100 | 1 | _aKenyon, Alfred. | |
| 245 | 1 | 0 |
_aCurrency risk and business management / _cAlfred Kenyon. |
| 260 |
_aOxford : _bB. Blackwell, _c1991. |
||
| 300 |
_avi, 260 p. ; _c24 cm. |
||
| 504 | _aIncludes bibliographical references. | ||
| 650 | 0 | _aForeign exchange. | |
| 650 | 0 | _aRisk management. | |
| 650 | 0 | _aForeign exchange futures. | |
| 740 | 0 | 1 | _aCurrency risk & business management. |
| 907 |
_a.b10006977 _b06-12-10 _c17-04-03 |
||
| 003 | |||
| 005 | 20230123133118.0 | ||
| 040 | _cNUST | ||
| 942 |
_cBOOKS _kHG3851 |
||
| 999 |
_c142927 _d142927 |
||